00609 a2200169 4500003000400000005001700004008004100021020001800062040000900080082001700089100002500106245011200131300001200243942004000255952012700295999001700422OSt20240905153952.0231018b |||||||| |||| 00| 0 eng d a9789933360320 coclc a892.7bQAS/M aQassab, Walid910520 aManahij al-naqd al-adabi al hadith = Methods of modern literary criticism :ban islamic view cWalid Qassab a238p. ; 2ddccBKh892.7iQAS/Mk892.7mQAS/M 00102ddc40708LITaMESbMEScARBd2023-10-18l0o892.7 QAS/Mp42915r2023-10-18 14:13:14v650.00w2023-10-18yBKzGR5R1 c42678d42678